[Event "5ème Open de St Chély d'Aubrac"]
[Site "St-Chély d'Aubrac"]
[Date "2005.07.14"]
[Round "7.25"]
[White "Ruetsch, Johan"]
[Black "Ballandras, Renaud"]
[Result "0-1"]
[WhiteElo "1270"]
[BlackElo "1560"]
[PlyCount "130"]

1. e4 d5 2. exd5 Nf6 3. Bb5+ Bd7 4. Bxd7+ Qxd7 5. Nf3 Nxd5 6. O-O Nc6 7. d4 e6
8. c4 Nf6 9. Nc3 O-O-O 10. Be3 Bb4 11. Ne5 Nxe5 12. dxe5 Bxc3 13. bxc3 Qxd1 14.
Raxd1 Ne4 15. Rc1 Rd3 16. Bd4 c5 17. Be3 Rhd8 18. Rce1 b6 19. h3 Rxc3 20. f3
Nd2 21. Bxd2 Rxd2 22. Rd1 Rcc2 23. Rxd2 Rxd2 24. Rf2 Rd4 25. Rc2 f6 26. exf6
gxf6 27. g4 Kc7 28. Kg2 Kd6 29. Kg3 h6 30. f4 Rd3+ 31. Kh4 Rf3 32. Rd2+ Ke7 33.
f5 exf5 34. Re2+ Kf7 35. gxf5 Rxf5 36. Rd2 Rf4+ 37. Kh5 Rd4 38. Rc2 Rd3 39. h4
Rd4 40. a4 f5 41. Kxh6 Rxh4+ 42. Kg5 Rh3 43. Kxf5 Ra3 44. Rd2 Ke7 45. Re2+ Kd7
46. Rd2+ Kc7 47. Ke6 Kb7 48. Rd7+ Ka6 49. Rd8 Rc3 50. Rc8 Rxc4 51. Kd6 Rxa4 52.
Kd5 Kb5 53. Rc7 Rd4+ 54. Ke5 a5 55. Ra7 a4 56. Ra8 Kb4 57. Rb8 b5 58. Rf8 a3
59. Rf3 a2 60. Rf1 Kb3 61. Rf3+ Kc2 62. Ra3 Ra4 63. Re3 a1=Q+ 64. Kf5 Qf1+ 65.
Kg5 Qf4+ 0-1

[Event "5ème Open de St Chély d'Aubrac"]
[Site "St-Chély d'Aubrac"]
[Date "2005.07.14"]
[Round "7.26"]
[White "Cremers, Bertrand"]
[Black "Missinger, Karl"]
[Result "1/2-1/2"]
[WhiteElo "1510"]
[BlackElo "1099"]
[PlyCount "84"]

1. e4 e5 2. Nf3 Nc6 3. Bc4 Bc5 4. c3 d6 5. d4 Bb6 6. O-O f6 7. h3 f5 8. exf5
Bxf5 9. Ng5 Bg6 10. dxe5 dxe5 11. Re1 Qxd1 12. Rxd1 Nf6 13. Bb5 h6 14. Nf3 Nd7
15. Bxc6 bxc6 16. Rxd7 Kxd7 17. Nxe5+ Kc8 18. Nxg6 Re8 19. Be3 Re6 20. Nf4 Rd6
21. Na3 Bxe3 22. fxe3 Kb7 23. Nc4 Rf6 24. Re1 Rf7 25. Ne5 Re7 26. Nfg6 Re6 27.
Rd1 Rae8 28. Rd7 Rxe5 29. Nxe5 Rxe5 30. Kf2 g5 31. g4 Re6 32. Rd4 Rf6+ 33. Kg2
Rd6 34. e4 Re6 35. Rb4+ Ka6 36. Kg3 Ka5 37. Rc4 Kb5 38. Rd4 Kc5 39. b3 Re5 40.
a3 Kb6 41. Rb4+ Ka6 42. Rd4 c5 1/2-1/2

[Event "5ème Open de St Chély d'Aubrac"]
[Site "St-Chély d'Aubrac"]
[Date "2005.07.14"]
[Round "7.27"]
[White "Jaafar, Nacer"]
[Black "Desboeufs, Claude"]
[Result "0-1"]
[WhiteElo "1280"]
[BlackElo "1599"]
[PlyCount "130"]

1. e4 d6 2. Nc3 e5 3. g3 Nf6 4. Bg2 Nc6 5. Nge2 g6 6. O-O Bg7 7. d3 O-O 8. Bg5
Bd7 9. h3 Qc8 10. Kh1 h6 11. Bxf6 Bxf6 12. Nd5 Bg7 13. b4 a6 14. a4 Re8 15. f4
Ne7 16. Nxe7+ Rxe7 17. Nc3 c6 18. Ne2 exf4 19. Rc1 fxg3 20. Nxg3 Re5 21. d4 Rg5
22. Qf3 Be6 23. h4 Rg4 24. d5 Rxh4+ 25. Kg1 cxd5 26. exd5 Bf5 27. Nxf5 Qxf5 28.
Qg3 Bd4+ 29. Rf2 Bxf2+ 30. Qxf2 Qxf2+ 31. Kxf2 Rxb4 32. Rh1 Kg7 33. a5 Rc8 34.
Rc1 Rc5 35. c3 Rbc4 36. Rb1 Rc7 37. Rb6 Rxc3 38. Rxd6 Rc2+ 39. Kg3 R2c3+ 40.
Kh2 Rc8 41. Bh3 Rc2+ 42. Kg3 R8c3+ 43. Kh4 g5+ 44. Kg4 f5+ 45. Kxf5 Rxh3 46.
Rd7+ Kf8 47. d6 Rf3+ 48. Kg6 Ke8 49. Rxb7 Rd2 50. Rb8+ Kd7 51. Kh5 Rxd6 52.
Rb7+ Kc8 53. Rg7 Rf4 54. Rg8+ Kd7 55. Rd8+ Kc6 56. Rc8+ Kd5 57. Rc5+ Ke4 58.
Re5+ Kf3 59. Re3+ Kg2 60. Rg3+ Kf2 61. Rg2+ Kf3 62. Rg3+ Ke4 63. Re3+ Kf5 64.
Re5+ Kf6 65. Re7 Rh4# 0-1

[Event "5ème Open de St Chély d'Aubrac"]
[Site "St-Chély d'Aubrac"]
[Date "2005.07.14"]
[Round "7.28"]
[White "Carabetta, Gaetan"]
[Black "Capron, Michel"]
[Result "1/2-1/2"]
[WhiteElo "1480"]
[BlackElo "1400"]
[PlyCount "30"]

1. d4 d5 2. c4 e6 3. Nc3 Nf6 4. Bg5 Be7 5. Nf3 O-O 6. e3 c5 7. Be2 Nbd7 8. O-O
a6 9. Re1 Ne4 10. Bxe7 Qxe7 11. cxd5 Nxc3 12. bxc3 exd5 13. Bd3 c4 14. Bc2 Nb6
15. Nd2 Qa3 1/2-1/2

[Event "5ème Open de St Chély d'Aubrac"]
[Site "St-Chély d'Aubrac"]
[Date "2005.07.15"]
[Round "8.1"]
[White "Riff, Jean-Noel"]
[Black "Coste, Thierry"]
[Result "1-0"]
[WhiteElo "2416"]
[BlackElo "2200"]
[PlyCount "73"]

1. e4 c5 2. Nf3 Nc6 3. Bb5 e6 4. Nc3 Nge7 5. O-O Ng6 6. d4 cxd4 7. Nxd4 Be7 8.
Be3 O-O 9. Qe2 Qc7 10. Rad1 a6 11. Bd3 b5 12. Nxc6 Qxc6 13. f4 f6 14. Rf3 Rf7
15. Rh3 Bc5 16. Kh1 Bxe3 17. Qxe3 Bb7 18. Ne2 Rc8 19. c3 Ba8 20. Qf3 Qb7 21.
Qh5 Nf8 22. Rg3 Qb6 23. a3 Rc5 24. Qf3 f5 25. Qe3 fxe4 26. Bxe4 Bxe4 27. Qxe4
Rcf5 28. Rgd3 Qf2 29. g3 Qa7 30. Rd6 Rh5 31. Nd4 e5 32. Qd5 Ng6 33. Rf1 Kf8 34.
Ne6+ Ke7 35. Nc5 Ke8 36. Rxa6 Ne7 37. Qxf7+ 1-0

[Event "5ème Open de St Chély d'Aubrac"]
[Site "St-Chély d'Aubrac"]
[Date "2005.07.??"]
[Round "8.2"]
[White "Deschler, Fabrice"]
[Black "Karpatchev, Alexandr"]
[Result "0-1"]
[WhiteElo "2167"]
[BlackElo "2487"]
[PlyCount "64"]

1. d4 d5 2. c4 dxc4 3. e4 Nc6 4. Nf3 Bg4 5. d5 Ne5 6. Bf4 Ng6 7. Be3 e5 8. Nc3
a6 9. Bxc4 Bd6 10. Be2 Nf6 11. O-O O-O 12. Rc1 b5 13. a3 Qe7 14. Ne1 Bd7 15.
Nd3 Nf4 16. Bf3 g5 17. Re1 Kh8 18. b4 Rg8 19. Nc5 Bc8 20. a4 bxa4 21. Qxa4 Bg4
22. Be2 a5 23. Bb5 axb4 24. Qxb4 Rab8 25. Qc4 N6h5 26. f3 Bc8 27. Ne2 g4 28.
Nxf4 gxf3 29. Ncd3 Nxf4 30. Bxf4 Rxg2+ 31. Kh1 exf4 32. e5 Rxh2+ 0-1

[Event "5ème Open de St Chély d'Aubrac"]
[Site "St-Chély d'Aubrac"]
[Date "2005.07.15"]
[Round "8.3"]
[White "Ivanov, Mikhail M"]
[Black "Boudre, Jean-Pierre"]
[Result "1/2-1/2"]
[WhiteElo "2462"]
[BlackElo "2359"]
[PlyCount "108"]

1. d4 d5 2. c4 c6 3. Nf3 Nf6 4. Qc2 Bg4 5. Ne5 e6 6. Nxg4 Nxg4 7. cxd5 cxd5 8.
Bf4 Nc6 9. e3 Bd6 10. Bg3 O-O 11. Be2 Nf6 12. Nc3 Rc8 13. Bh4 Be7 14. Bxf6 Bxf6
15. f4 Na5 16. O-O Nc4 17. Bxc4 Rxc4 18. b3 Rc6 19. Rac1 Qa5 20. Qb2 Rfc8 21.
Na4 Qc7 22. Rxc6 Qxc6 23. Qd2 b6 24. Nb2 Be7 25. Nd3 Ba3 26. Rf2 g6 27. h3 Bd6
28. Qd1 a5 29. Kh2 Qb5 30. Rc2 Rxc2 31. Qxc2 Kg7 32. a4 Qd7 33. g4 f6 34. Kg2
Kf7 35. Kf3 Ke8 36. Qc3 Ke7 37. h4 Kf7 38. g5 fxg5 39. hxg5 Kg7 40. Nf2 h6 41.
gxh6+ Kxh6 42. Qd3 Kg7 43. Qb5 Qxb5 44. axb5 Kh6 45. e4 dxe4+ 46. Kxe4 Kh5 47.
Nd3 g5 48. fxg5 Kxg5 49. Ne5 Bc7 50. d5 Kf6 51. Nc4 Ke7 52. Kd4 exd5 53. Kxd5
Kd7 54. Ke4 Ke6 1/2-1/2

[Event "5ème Open de St Chély d'Aubrac"]
[Site "St-Chély d'Aubrac"]
[Date "2005.07.15"]
[Round "8.4"]
[White "Riff, Vincent"]
[Black "Chaplin, Erik"]
[Result "1/2-1/2"]
[WhiteElo "2269"]
[BlackElo "2148"]
[PlyCount "120"]

1. Nf3 b6 2. c4 Bb7 3. Nc3 Nf6 4. d4 e6 5. Bg5 Bb4 6. Nd2 O-O 7. Qc2 Be7 8. e4
c5 9. d5 Nxd5 10. Bxe7 Nxe7 11. Nf3 {(=)} 11... f5 12. O-O-O Qc7 13. Kb1 fxe4
14. Nxe4 h6 15. Nd6 Bxf3 16. gxf3 Nbc6 17. Nb5 Qf4 18. Rxd7 Rad8 19. Bh3 Rxd7
20. Bxe6+ Kh8 21. Bxd7 Qxf3 22. Re1 Qxf2 23. Qxf2 Rxf2 24. Nxa7 Nd4 25. a4 Ng6
26. Nb5 Ne2 27. Bg4 Ngf4 28. Rd1 Rxh2 29. Bf5 g6 30. Bc2 g5 31. Rd7 g4 32. Nc7
Rh1+ 33. Ka2 Nc1+ 34. Ka3 Rh3+ 35. b3 Rh2 36. Bb1 Nfd3 37. a5 bxa5 38. Nd5 Rf2
39. Ka4 g3 40. Ne3 Ne5 41. Rd8+ Kg7 42. Nf5+ Rxf5 43. Bxf5 Ne2 44. Bh3 Nf4 45.
Bf1 h5 46. Re8 Kf6 47. Kxa5 {(=)} 47... h4 48. Rh8 Kg5 49. Kb5 Nf3 50. b4 cxb4
51. Kxb4 Nd2 52. Rg8+ Kh5 53. Bd3 Nxd3+ 54. Kc3 Nxc4 (54... Nf3 55. Kxd3 g2 56.
Ke4 (56. c5 $4 Ng5) 56... g1=Q 57. Rxg1 Nxg1 58. Ke3 Kg4 $19 59. c5 Nf3 60. c6
Ne5 61. c7 Nc4+ 62. Kf2 Nd6 63. Kg2) 55. Kxd3 Ne5+ 56. Ke4 Ng6 57. Kf3 Kg5 58.
Ra8 Kf5 59. Ra4 Ne5+ 60. Kg2 Ng6 1/2-1/2

[Event "5ème Open de St Chély d'Aubrac"]
[Site "St-Chély d'Aubrac"]
[Date "2005.07.15"]
[Round "8.5"]
[White "Lengert, Martin"]
[Black "Riff, Sebastien"]
[Result "0-1"]
[WhiteElo "1913"]
[BlackElo "2216"]
[PlyCount "86"]

1. d4 Nf6 2. c4 g6 3. Nc3 Bg7 4. Nf3 O-O 5. Bg5 d6 6. e3 Nbd7 7. Bd3 c6 8. O-O
e5 9. Qc2 Qe7 10. h3 Re8 11. Nd2 h6 12. Bh4 Nf8 13. b4 g5 14. Bg3 Nh5 15. d5
Bd7 16. Bh2 Rec8 17. a4 Nf6 18. Qb3 g4 19. hxg4 Nxg4 20. Bg3 Kh8 21. Rae1 f5
22. f3 Nf6 23. Qb1 Nh5 24. Ne2 Qf7 25. Bh2 cxd5 26. cxd5 Qxd5 27. e4 fxe4 28.
Nxe4 Ne6 29. Rd1 Bxa4 30. N4c3 Rxc3 31. Be4 Qb3 32. Nxc3 Qxc3 33. Rxd6 Nd4 34.
Kh1 Ne2 35. Re1 Nhg3+ 36. Bxg3 Nxg3+ 37. Kh2 Nxe4 38. Qxe4 Bc6 39. Qb1 e4 40.
Kh1 exf3 41. Re7 fxg2+ 42. Kh2 Be5+ 43. Kg1 Qe3# 0-1

[Event "5ème Open de St Chély d'Aubrac"]
[Site "St-Chély d'Aubrac"]
[Date "2005.07.15"]
[Round "8.6"]
[White "Lagunes, Jean-Renaud"]
[Black "Duffau, Pascal"]
[Result "1/2-1/2"]
[WhiteElo "2131"]
[BlackElo "2038"]
[PlyCount "58"]

1. e4 e6 2. d4 d5 3. Nc3 Bb4 4. e5 c5 5. a3 Ba5 6. b4 cxb4 7. Nb5 Nc6 8. Qg4
Kf8 9. Bd3 f5 10. Qf4 Nh6 11. Ne2 Nf7 12. h4 Bd7 13. g4 Qb6 14. Kf1 Ncxe5 15.
dxe5 Bxb5 16. axb4 Bxd3 17. cxd3 Bxb4 18. Rb1 a5 19. gxf5 exf5 20. Ba3 Re8 21.
Bxb4+ axb4 22. Rxb4 Qa6 23. d4 Qd3 24. Qc1 Nd8 25. Ke1 Re7 26. Rg1 Kf7 27. Rb6
Rf8 28. Qc5 Ne6 29. Qxd5 Qxe2+ 1/2-1/2

[Event "5ème Open de St Chély d'Aubrac"]
[Site "St-Chély d'Aubrac"]
[Date "2005.07.15"]
[Round "8.7"]
[White "Colandrea, Sauveur"]
[Black "Desboeufs, Alexandre"]
[Result "0-1"]
[WhiteElo "1874"]
[BlackElo "2052"]
[PlyCount "80"]

1. b3 d5 2. Bb2 Nf6 3. e3 c5 4. Nf3 Bg4 5. Be2 e6 6. Ne5 Bxe2 7. Qxe2 Bd6 8. f4
O-O 9. d3 Nc6 10. Nd2 Bxe5 11. fxe5 Nd7 12. Nf3 Qc7 13. d4 cxd4 14. exd4 Rae8
15. O-O f6 16. Rae1 fxe5 17. dxe5 Rf5 18. Qd2 Ref8 19. Ba3 Rc8 20. g4 Qb6+ 21.
Kg2 Rf7 22. Qd3 Nb4 23. Bxb4 Qxb4 24. c4 dxc4 25. Qe4 Nc5 26. Qxc4 Qxc4 27.
bxc4 Nd3 28. Rd1 Nf4+ 29. Kg3 h6 30. Nd4 g5 31. Nb5 Rxc4 32. Nd6 Rc3+ 33. Kf2
Nd3+ 34. Ke2 Rxf1 35. Rxf1 Nxe5 36. Rf6 Nxg4 37. Rxe6 Rc2+ 38. Kd1 Rxh2 39.
Nxb7 Rxa2 40. Re8+ Kg7 0-1

[Event "5ème Open de St Chély d'Aubrac"]
[Site "St-Chély d'Aubrac"]
[Date "2005.07.15"]
[Round "8.8"]
[White "Tassetti, Matthieu"]
[Black "Chokbengboun, Thomas"]
[Result "1/2-1/2"]
[WhiteElo "1956"]
[BlackElo "1900"]
[PlyCount "61"]

1. Nf3 Nf6 2. g3 g6 3. Bg2 Bg7 4. O-O d6 5. d3 c6 6. c4 Be6 7. Nd4 Bd7 8. Nc3
Qc8 9. Nc2 Bh3 10. Bg5 Qg4 11. Qd2 Bxg2 12. Kxg2 h5 13. h4 Na6 14. Rab1 Nc7 15.
b4 b5 16. Rfc1 bxc4 17. Ne3 Qd7 18. Nxc4 Nfd5 19. Nxd5 cxd5 20. Na3 f6 21. Be3
Ne6 22. d4 O-O 23. Bh6 Kh7 24. Bxg7 Nxg7 25. Qd3 Nf5 26. Rc3 Rfc8 27. Rbc1 Rxc3
28. Rxc3 Rc8 29. e3 Rxc3 30. Qxc3 Nxh4+ 31. gxh4 1/2-1/2

[Event "5ème Open de St Chély d'Aubrac"]
[Site "St-Chély d'Aubrac"]
[Date "2005.07.15"]
[Round "8.9"]
[White "Laine, Patrice"]
[Black "Soyer, Jean-Yves"]
[Result "0-1"]
[WhiteElo "2082"]
[BlackElo "2146"]
[PlyCount "66"]

1. d4 Nf6 2. c4 g6 3. Nc3 Bg7 4. e4 d6 5. Be2 O-O 6. Nf3 e5 7. O-O exd4 8. Nxd4
Re8 9. f3 Nc6 10. Be3 Nh5 11. Nxc6 bxc6 12. f4 Nf6 13. Bf3 Rb8 14. Qd2 c5 15.
b3 Bb7 16. e5 dxe5 17. Qxd8 Rexd8 18. Bxb7 Rxb7 19. Rad1 Rbb8 20. fxe5 Ng4 21.
Bxc5 Bxe5 22. Nd5 Bxh2+ 23. Kh1 Bd6 24. Bxa7 Ra8 25. Bd4 Rxa2 26. c5 Bf8 27.
Nf6+ Nxf6 28. Bxf6 Rxd1 29. Rxd1 Ra8 30. c6 Bg7 31. Bd8 Be5 32. g4 Ra6 33. Rd5
f6 0-1

[Event "5ème Open de St Chély d'Aubrac"]
[Site "St-Chély d'Aubrac"]
[Date "2005.07.15"]
[Round "8.10"]
[White "Vidalinc, Jean-Louis"]
[Black "Nass, Emile"]
[Result "0-1"]
[WhiteElo "1986"]
[BlackElo "1984"]
[PlyCount "100"]

1. e4 e6 2. d4 d5 3. Nd2 Be7 4. Bd3 c5 5. dxc5 Bxc5 6. Ngf3 Nf6 7. O-O Nc6 8.
exd5 Nxd5 9. Nb3 Be7 10. c3 Bd7 11. Qe2 Qc7 12. g3 O-O 13. Nfd4 a6 14. Nxc6
Bxc6 15. Nd4 Bd7 16. Be4 Nf6 17. Bf4 Qb6 18. Bf3 Rfd8 19. Rfe1 Be8 20. a4 Nd5
21. Bxd5 Rxd5 22. a5 Rxa5 23. Rxa5 Qxa5 24. Nxe6 fxe6 25. Qxe6+ Bf7 26. Qxe7
Re8 27. Qxe8+ Bxe8 28. Rxe8+ Kf7 29. Rc8 Qa1+ 30. Kg2 Qxb2 31. Be5 Qb6 32. Rc4
g5 33. h4 h6 34. hxg5 hxg5 35. Bd4 Qd8 36. Rc5 b5 37. Rf5+ Kg6 38. Re5 Qd7 39.
f3 g4 40. fxg4 Qxg4 41. Re7 Qc8 42. Rg7+ Kf5 43. Rf7+ Ke4 44. Re7+ Kd3 45. Re3+
Kc4 46. Re5 Qb7+ 47. Kf2 a5 48. Ke3 a4 49. Kd2 Qg2+ 50. Re2 Qxe2+ 0-1

[Event "5ème Open de St Chély d'Aubrac"]
[Site "St-Chély d'Aubrac"]
[Date "2005.07.15"]
[Round "8.11"]
[White "Rosenfeld, Imre"]
[Black "Boulier, Rene"]
[Result "0-1"]
[WhiteElo "2047"]
[BlackElo "1996"]
[PlyCount "120"]

1. d4 Nf6 2. Nf3 b6 3. e3 Bb7 4. Bd3 e6 5. Nbd2 c5 6. O-O d5 7. c3 Bd6 8. Ne5
O-O 9. f4 Ne8 10. Qh5 f5 11. Ndf3 Nf6 12. Qh3 Qe8 13. g4 Bxe5 14. Nxe5 Ne4 15.
gxf5 exf5 16. Qg2 Ba6 17. Bxa6 Nxa6 18. Bd2 c4 19. Be1 Nb8 20. Bh4 Nc6 21. Rf3
Nxe5 22. dxe5 Rc8 23. Rd1 Qe6 24. Rh3 Kh8 25. Qf3 Rf7 26. Qh5 g6 27. Qf3 Rc5
28. Qe2 b5 29. Rf3 a5 30. Be1 g5 31. Kh1 g4 32. Rf1 h5 33. Rd4 Rc8 34. Qd1 Rd7
35. a3 Rg8 36. Rg1 Rgg7 37. Bh4 Kg8 38. Qe1 Rg6 39. Rd1 Rdg7 40. Rc1 Qc6 41.
Rg2 Qb7 42. Kg1 Nc5 43. Qd2 Nb3 44. Qc2 Nxc1 45. Qxc1 b4 46. axb4 axb4 47. Bf6
Rc7 48. h3 Kf7 49. hxg4 hxg4 50. Rh2 Ke6 51. Qa1 bxc3 52. bxc3 Qa7 53. Qc1 Rb7
54. Rh8 Qa2 55. Re8+ Kf7 56. Re7+ Rxe7 57. Qd1 Rd7 58. Qd4 g3 59. e6+ Kxe6 60.
e4 Qf2+ 0-1

[Event "5ème Open de St Chély d'Aubrac"]
[Site "St-Chély d'Aubrac"]
[Date "2005.07.15"]
[Round "8.12"]
[White "Sidibe, Malika"]
[Black "Moingt, Jean-Claude"]
[Result "0-1"]
[WhiteElo "1730"]
[BlackElo "2292"]
[PlyCount "58"]

1. Nf3 Nf6 2. c4 g6 3. d3 Bg7 4. g3 d6 5. Bg2 O-O 6. Nc3 e5 7. O-O Nh5 8. b4 e4
9. Bg5 f6 10. Bd2 exf3 11. Bxf3 Nc6 12. g4 Ne5 13. Bd5+ Kh8 14. gxh5 gxh5 15.
Bf4 f5 16. Qd2 c6 17. Bg2 Qf6 18. Rac1 Rg8 19. Kh1 h6 20. h3 Bd7 21. Rg1 Kh7
22. Rcf1 Ng6 23. Nd1 Nxf4 24. Qxf4 Qe7 25. Bf3 Be5 26. Qe3 Qh4 27. Bg2 f4 28.
Be4+ Kh8 29. Qf3 Bxh3 0-1

[Event "5ème Open de St Chély d'Aubrac"]
[Site "St-Chély d'Aubrac"]
[Date "2005.07.15"]
[Round "8.13"]
[White "Capron, Daniel"]
[Black "Lagunes, Matthieu"]
[Result "1-0"]
[WhiteElo "2070"]
[BlackElo "1780"]
[PlyCount "47"]

1. e4 d6 2. d4 g6 3. Nc3 Bg7 4. f4 Nd7 5. Nf3 c5 6. Be3 b6 7. Bc4 e6 8. Nb5
Ndf6 9. dxc5 dxc5 10. Nd6+ Kf8 11. e5 Ng4 12. Qe2 Nxe3 13. Qxe3 Bd7 14. O-O-O
Qc7 15. Ng5 Nh6 16. Rd2 Ke7 17. Rhd1 Rad8 18. Qb3 Bc6 19. Bxe6 fxe6 20. Qxe6+
Kf8 21. Nb5 Rxd2 22. Nxc7 Bd7 23. Qxd7 Rxd7 24. Rxd7 1-0

[Event "5ème Open de St Chély d'Aubrac"]
[Site "St-Chély d'Aubrac"]
[Date "2005.07.15"]
[Round "8.14"]
[White "Lassis, Patrick"]
[Black "Schmitt, Claude"]
[Result "0-1"]
[WhiteElo "1710"]
[BlackElo "2040"]
[PlyCount "108"]

1. Nf3 Nf6 2. d4 d6 3. c4 c5 4. e3 g6 5. Nc3 Nbd7 6. Be2 Bg7 7. Bd2 O-O 8. Qc2
a6 9. Nd5 Nxd5 10. cxd5 cxd4 11. Nxd4 Nf6 12. Bf3 Bg4 13. Qb3 Bxf3 14. gxf3 Nd7
15. Bc3 Nc5 16. Qd1 Rc8 17. Rc1 Qd7 18. Nb3 Nxb3 19. axb3 Qb5 20. Bxg7 Kxg7 21.
Qd4+ Kg8 22. Rc3 Rc5 23. Rxc5 Qxc5 24. Qxc5 dxc5 25. Kd2 Rd8 26. e4 e6 27. Rc1
b6 28. b4 exd5 29. bxc5 dxe4+ 30. Ke3 bxc5 31. Rxc5 exf3 32. b4 Rb8 33. Ra5
Rxb4 34. Rxa6 Rb3+ 35. Kf4 Kg7 36. Ra7 h6 37. h4 h5 38. Ra4 Rc3 39. Rb4 Kh6 40.
Ke5 Rc5+ 41. Kf6 Rf5+ 42. Ke7 Kg7 43. Re4 g5 44. hxg5 Kg6 45. Rb4 Kxg5 46. Rb8
Kg4 47. Rg8+ Rg5 48. Rb8 Kh3 49. Kxf7 Rg2 50. Rh8 h4 51. Kf6 Rxf2 52. Rb8 Rg2
53. Rb3 Rg3 54. Kf5 f2 0-1

[Event "5ème Open de St Chély d'Aubrac"]
[Site "St-Chély d'Aubrac"]
[Date "2005.07.15"]
[Round "8.15"]
[White "Ritzenthaler, Stephane"]
[Black "Ballandras, Marc"]
[Result "1-0"]
[WhiteElo "2037"]
[BlackElo "1810"]
[PlyCount "69"]

1. e4 c5 2. Nc3 Nc6 3. f4 g6 4. Nf3 Bg7 5. Bc4 e6 6. O-O Nge7 7. d3 d5 8. Bb3
O-O 9. f5 d4 10. Nb1 exf5 11. Ng5 Ne5 12. Qe1 h6 13. Nf3 N7c6 14. Bf4 Nxf3+ 15.
Rxf3 fxe4 16. dxe4 Qe7 17. Nd2 Be6 18. Qg3 Bxb3 19. axb3 Ne5 20. Rf2 g5 21.
Bxe5 Bxe5 22. Qh3 Bg7 23. Raf1 Rae8 24. Rf5 b6 25. Qh5 Qe6 26. R1f3 Qg6 27. Qg4
Re5 28. Nc4 Rxf5 29. Rxf5 Rd8 30. Qg3 Rd7 31. Ne5 Bxe5 32. Rxe5 Kg7 33. Re8 Qd6
34. e5 Qd5 35. Qf2 1-0

[Event "5ème Open de St Chély d'Aubrac"]
[Site "St-Chély d'Aubrac"]
[Date "2005.07.15"]
[Round "8.16"]
[White "Casasnovas, Vincent"]
[Black "Rabier, Jean"]
[Result "0-1"]
[WhiteElo "1530"]
[BlackElo "1985"]
[PlyCount "63"]

1. Nf3 d5 2. c3 Nf6 3. g3 Nbd7 4. Bg2 e5 5. d3 c6 6. O-O Bd6 7. Nbd2 O-O 8. e4
Qb6 9. h3 Nc5 10. Qc2 Nh5 11. Kh2 f5 12. b4 Na6 13. exf5 Bxf5 14. Nh4 Be6 15.
Qd1 Nf6 16. a3 Rad8 17. Nhf3 Qc7 18. Re1 Bc8 19. c4 b6 20. Nf1 dxc4 21. dxc4
Bxb4 22. Qb3 Bxe1 23. Be3 Ba5 24. Ng5 Nc5 25. Qc2 h6 26. Nf3 Ne6 27. Nh4 Nf4
28. c5 Nxg2 29. Kxg2 Nd5 30. cxb6 Bxb6 31. Bxh6 Rxf2+ 32. Kh1 0-1

[Event "5ème Open de St Chély d'Aubrac"]
[Site "St-Chély d'Aubrac"]
[Date "2005.07.15"]
[Round "8.17"]
[White "Gaftarnik, Olivier"]
[Black "Lagunes, Robin"]
[Result "1/2-1/2"]
[WhiteElo "1965"]
[BlackElo "1560"]
[PlyCount "44"]

1. e4 e5 2. Nf3 Nc6 3. Bb5 Bc5 4. c3 Nf6 5. d3 d6 6. O-O O-O 7. h3 h6 8. Re1
Bd7 9. Nbd2 Ne7 10. Bc4 Ng6 11. d4 Bb6 12. a4 a5 13. Nf1 Re8 14. Ng3 Bc6 15. d5
Bd7 16. Nf5 Bxf5 17. exf5 Ne7 18. g4 c6 19. dxc6 bxc6 20. Bd3 Qc7 21. Kg2 Rad8
22. Bd2 Qa7 1/2-1/2

[Event "5ème Open de St Chély d'Aubrac"]
[Site "St-Chély d'Aubrac"]
[Date "2005.07.15"]
[Round "8.18"]
[White "Baudry, Alain"]
[Black "Lengert, Vincent"]
[Result "0-1"]
[WhiteElo "1785"]
[BlackElo "1710"]
[PlyCount "74"]

1. d4 Nf6 2. c4 e6 3. Nc3 Bb4 4. Qc2 b6 5. e4 Bb7 6. Bd3 h6 7. Nge2 Nc6 8. e5
Bxc3+ 9. bxc3 Ng8 10. O-O d6 11. f4 Qe7 12. Ba3 Qd7 13. Rab1 Rd8 14. exd6 cxd6
15. f5 e5 16. d5 Na5 17. Ng3 Ba6 18. Qe2 Qc7 19. Rf4 Ne7 20. Re4 h5 21. Nxh5
Nxf5 22. Rxe5+ dxe5 23. Bxf5 Rxd5 24. Nxg7+ Kd8 25. Qg4 Qxc4 26. Qg5+ Kc7 27.
Qe7+ Kb8 28. Bd6+ Rxd6 29. Qxd6+ Qc7 30. Qxc7+ Kxc7 31. Be4 Rd8 32. Nf5 Rd2 33.
h4 Be2 34. Nh6 Bh5 35. Rf1 Rd7 36. Rf6 Rd6 37. Rf2 Rxh6 0-1

[Event "5ème Open de St Chély d'Aubrac"]
[Site "St-Chély d'Aubrac"]
[Date "2005.07.15"]
[Round "8.19"]
[White "Ballandras, Renaud"]
[Black "De Biasi, Robert"]
[Result "1/2-1/2"]
[WhiteElo "1560"]
[BlackElo "1895"]
[PlyCount "90"]

1. e4 c5 2. d4 cxd4 3. c3 d6 4. Nf3 Nf6 5. e5 dxe5 6. Nxe5 a6 7. Bc4 e6 8. O-O
Be7 9. cxd4 O-O 10. Nc3 b5 11. Bb3 Bb7 12. Re1 Nc6 13. Be3 Nxe5 14. dxe5 Nd7
15. Bf4 Rc8 16. Qg4 Kh8 17. Bc2 g6 18. Be4 Bxe4 19. Nxe4 Rg8 20. Ng5 Rg7 21.
Rad1 Qe8 22. h4 h5 23. Qe2 Nf8 24. Nf3 Rc4 25. Bh6 Rg8 26. g3 Nh7 27. Rd4 Rxd4
28. Nxd4 Bc5 29. Nf3 Bf8 30. Bg5 Nxg5 31. Nxg5 Bh6 32. Qe3 Kg7 33. Qf4 Qe7 34.
Rd1 Bxg5 35. Qxg5 Qxg5 36. hxg5 Rc8 37. Rd6 a5 38. Rb6 b4 39. Rb5 Rc2 40. Rxa5
Rxb2 41. Ra4 b3 42. axb3 Rxb3 43. Rf4 Rb5 44. Re4 Rb3 45. Kg2 Rb2 1/2-1/2

[Event "5ème Open de St Chély d'Aubrac"]
[Site "St-Chély d'Aubrac"]
[Date "2005.07.15"]
[Round "8.20"]
[White "Mathieu, Paul"]
[Black "Weigel, Marie"]
[Result "0-1"]
[WhiteElo "1860"]
[BlackElo "1600"]
[PlyCount "40"]

1. e4 e5 2. d4 exd4 3. Nf3 Nc6 4. Bc4 Bc5 5. Ng5 Ne5 6. Bb3 h6 7. f4 hxg5 8.
fxe5 Qe7 9. Qf3 f6 10. Bxg8 Rxg8 11. h4 Rh8 12. h5 Qxe5 13. Nd2 d5 14. Qe2 dxe4
15. Nxe4 Bb4+ 16. Bd2 Bxd2+ 17. Kxd2 Kf7 18. Raf1 Re8 19. Re1 Qf4+ 20. Kd1 Bg4
0-1

[Event "5ème Open de St Chély d'Aubrac"]
[Site "St-Chély d'Aubrac"]
[Date "2005.07.15"]
[Round "8.21"]
[White "Grezes, Yves"]
[Black "Dury, Renaud"]
[Result "1-0"]
[WhiteElo "1760"]
[BlackElo "1770"]
[PlyCount "61"]

1. e4 c6 2. d4 d5 3. exd5 cxd5 4. g3 Nf6 5. Bg2 Bf5 6. Nf3 Qc7 7. Nc3 e6 8. O-O
Nc6 9. a3 a6 10. Re1 Ne4 11. Ne2 h6 12. Nf4 Be7 13. c4 dxc4 14. Qe2 Na5 15. Nh5
O-O 16. Bf4 Qd8 17. Qe3 Bg4 {(=)} 18. Nxg7 Ng5 19. Ne5 Bh3 20. Nh5 Bxg2 21.
Kxg2 Bf6 22. Nxf6+ Qxf6 23. Ng4 Qg6 24. Ne5 Qg7 25. h4 f6 26. Ng4 Nb3 27. Rad1
h5 28. Nxf6+ Qxf6 29. Bxg5 Qf5 30. Qxe6+ Qxe6 31. Rxe6 1-0

[Event "5ème Open de St Chély d'Aubrac"]
[Site "St-Chély d'Aubrac"]
[Date "2005.07.15"]
[Round "8.22"]
[White "Gazel, Bruno"]
[Black "Perrin, Yannick"]
[Result "1/2-1/2"]
[WhiteElo "1550"]
[BlackElo "1720"]
[PlyCount "52"]

1. e4 e5 2. Nf3 Nc6 3. d4 exd4 4. Nxd4 Nf6 5. Nxc6 bxc6 6. Bd3 h6 7. O-O Bc5 8.
Nc3 d6 9. h3 O-O 10. Na4 Bb6 11. Nxb6 cxb6 12. Qf3 Re8 13. Bd2 Bb7 14. Rfe1 Kh8
15. Bc3 c5 16. Qf5 Qd7 17. Bxf6 Qxf5 18. Bxg7+ Kxg7 19. exf5 Bd5 20. c4 Bc6 21.
Re3 d5 22. cxd5 Bxd5 23. b3 Rad8 24. Rae1 Bc6 25. Rxe8 Rxe8 26. Rxe8 Bxe8
1/2-1/2

[Event "5ème Open de St Chély d'Aubrac"]
[Site "St-Chély d'Aubrac"]
[Date "2005.??.15"]
[Round "8.23"]
[White "Luc, Rene"]
[Black "Richard, Emma"]
[Result "0-1"]
[WhiteElo "1690"]
[BlackElo "1870"]
[PlyCount "100"]

1. c4 Nf6 2. Nc3 d6 3. e4 e5 4. Nf3 Be7 5. d4 Nbd7 6. Be2 O-O 7. O-O c6 8. a3
a6 9. b4 b5 10. d5 cxd5 11. cxd5 Bb7 12. Bd2 Rc8 13. Rc1 Nb6 14. Qb3 Qd7 15.
Be3 Nc4 16. Bxc4 Rxc4 17. Nd2 Rcc8 18. Rc2 Ng4 19. Nd1 Rxc2 20. Qxc2 Rc8 21.
Qb2 f5 22. f3 Nf6 23. Bg5 Nxd5 24. Bxe7 Nxe7 25. Ne3 Ba8 26. Qb1 Qa7 27. Qb3+
Kh8 28. Kh1 Qd4 29. Nxf5 Nxf5 30. Qe6 Rf8 31. exf5 Qxd2 32. Qe7 Rg8 33. f6 Qg5
34. fxg7+ Rxg7 35. Qxg5 Rxg5 36. Rc1 Rg8 37. Rc7 Rb8 38. Rd7 d5 39. Re7 e4 40.
fxe4 dxe4 41. Kg1 Rf8 42. g4 Kg8 43. h4 Bd5 44. g5 Rf3 45. Rd7 Bc4 46. Kg2 Bf1+
47. Kg1 e3 48. Rd1 Bc4 49. Rd4 e2 50. Re4 Rf1+ 0-1